<?xml version="1.0" encoding="UTF-8"?>
<record
    xmlns:xsi="http://www.w3.org/2001/XMLSchema-instance"
    xsi:schemaLocation="http://www.loc.gov/MARC21/slim http://www.loc.gov/standards/marcxml/schema/MARC21slim.xsd"
    xmlns="http://www.loc.gov/MARC21/slim">

  <leader>00530nam a2200169   4500</leader>
  <controlfield tag="005">20251205154722.0</controlfield>
  <controlfield tag="008">251205b        |||||||| |||| 00| 0 eng d</controlfield>
  <datafield tag="020" ind1=" " ind2=" ">
    <subfield code="a">978-93-90619-66-5</subfield>
  </datafield>
  <datafield tag="041" ind1=" " ind2=" ">
    <subfield code="a">Eng</subfield>
  </datafield>
  <datafield tag="082" ind1=" " ind2=" ">
    <subfield code="2">1st ed 2024</subfield>
    <subfield code="a">P 610.7362 SAN</subfield>
    <subfield code="b">B11966</subfield>
  </datafield>
  <datafield tag="100" ind1=" " ind2=" ">
    <subfield code="a">Sanjna Kumari</subfield>
    <subfield code="9">215670</subfield>
  </datafield>
  <datafield tag="245" ind1=" " ind2=" ">
    <subfield code="a">Child Health Nursing Solved Question Papers for MSc Nursing University Exams 1st &amp; 2nd Year</subfield>
  </datafield>
  <datafield tag="260" ind1=" " ind2=" ">
    <subfield code="a">New Delhi</subfield>
    <subfield code="b">CBS Publishers</subfield>
    <subfield code="c">2024</subfield>
  </datafield>
  <datafield tag="300" ind1=" " ind2=" ">
    <subfield code="a">lxiv,244p</subfield>
    <subfield code="b">pb</subfield>
    <subfield code="c">24x17cm</subfield>
  </datafield>
  <datafield tag="365" ind1=" " ind2=" ">
    <subfield code="a">Rupaye</subfield>
    <subfield code="b">495</subfield>
    <subfield code="c">INR</subfield>
  </datafield>
  <datafield tag="942" ind1=" " ind2=" ">
    <subfield code="c">BK</subfield>
  </datafield>
  <datafield tag="999" ind1=" " ind2=" ">
    <subfield code="c">369289</subfield>
    <subfield code="d">369289</subfield>
  </datafield>
  <datafield tag="952" ind1=" " ind2=" ">
    <subfield code="0">0</subfield>
    <subfield code="1">0</subfield>
    <subfield code="2">ddc</subfield>
    <subfield code="4">0</subfield>
    <subfield code="7">0</subfield>
    <subfield code="8">NFIC</subfield>
    <subfield code="a">BTIN</subfield>
    <subfield code="b">BTIN</subfield>
    <subfield code="d">2025-11-18</subfield>
    <subfield code="e">Patil Medical Book</subfield>
    <subfield code="g">306.90</subfield>
    <subfield code="i">2026</subfield>
    <subfield code="l">0</subfield>
    <subfield code="o">P 610.7362 SAN B11966</subfield>
    <subfield code="p">BTIN-BK-11966</subfield>
    <subfield code="r">2025-12-05 15:51:44</subfield>
    <subfield code="t">38%</subfield>
    <subfield code="v">495.00</subfield>
    <subfield code="w">2025-10-29</subfield>
    <subfield code="y">BK</subfield>
    <subfield code="z">BTIN-BK-11966</subfield>
  </datafield>
  <datafield tag="952" ind1=" " ind2=" ">
    <subfield code="0">0</subfield>
    <subfield code="1">0</subfield>
    <subfield code="2">ddc</subfield>
    <subfield code="4">0</subfield>
    <subfield code="7">0</subfield>
    <subfield code="8">NFIC</subfield>
    <subfield code="a">BTIN</subfield>
    <subfield code="b">BTIN</subfield>
    <subfield code="d">2025-11-18</subfield>
    <subfield code="e">Patil Medical Book</subfield>
    <subfield code="g">306.90</subfield>
    <subfield code="i">2026</subfield>
    <subfield code="l">0</subfield>
    <subfield code="o">P 610.7362 SAN B11967</subfield>
    <subfield code="p">BTIN-BK-11967</subfield>
    <subfield code="r">2025-12-05 15:52:00</subfield>
    <subfield code="t">38%</subfield>
    <subfield code="v">495.00</subfield>
    <subfield code="w">2025-10-29</subfield>
    <subfield code="y">BK</subfield>
    <subfield code="z">BTIN-BK-11967</subfield>
  </datafield>
</record>
